Biológiailag aktív anyagok hatása az emberi gyomornyálkahártya vérkeringésére és savtermelésére

Elmentve itt :
Bibliográfiai részletek
Szerzők: Döbrönte Zoltán
Kahán Zsuzsanna
Láng Jenő
Csáti Sándor
Varró Vince
Dokumentumtípus: Cikk
Megjelent: 1985
Sorozat:KÍSÉRLETES ORVOSTUDOMÁNY 37
Tárgyszavak:
mtmt:1346414
Online Access:http://publicatio.bibl.u-szeged.hu/33070
LEADER 00834nab a2200241 i 4500
001 publ33070
005 20250516110839.0
008 250516s1985 hu o 000 hun d
022 |a 0023-1878 
024 7 |a 1346414  |2 mtmt 
040 |a SZTE Publicatio Repozitórium  |b hun 
041 |a hun 
100 1 |a Döbrönte Zoltán 
245 1 0 |a Biológiailag aktív anyagok hatása az emberi gyomornyálkahártya vérkeringésére és savtermelésére  |h [elektronikus dokumentum] /  |c  Döbrönte Zoltán 
260 |c 1985 
300 |a 125-135 
490 0 |a KÍSÉRLETES ORVOSTUDOMÁNY  |v 37 
650 4 |a Klinikai orvostan 
700 0 1 |a Kahán Zsuzsanna  |e aut 
700 0 1 |a Láng Jenő  |e aut 
700 0 1 |a Csáti Sándor  |e aut 
700 0 1 |a Varró Vince  |e aut 
856 4 0 |u http://publicatio.bibl.u-szeged.hu/33070/1/aok_klny_265_85.pdf  |z Dokumentum-elérés